00890nam a22001935i 4500001000700000003000900007005001700016008004100033040001800074245017400092250006900266260006100335300002600396510002000422700002500442740009300467752002400560852011200584158643ES-MaACL20230906211244.0020613s1829 sp |||| | spa d aNA bspa cNA00aManual de las señoritas ó Arte para aprender cuantas habilidades constituyen el verdadero mérito de las mugeres ... / ctraducido del frances por Maria Ana Poveda. a2ª ed. añadida con el arte de lavandera y lavado doméstico. aMadrid : b[s.n.], c1829 (fImprenta de Eusebio Aguado) a342, 80 p. ; c16 cm.4 aPalau, c14973411aPoveda, María Ana.01aArte para aprender cuantas habilidades constituyen el verdadero mérito de las mugeres. aEspaña - dMadrid aES-MaACLjR-1776 z-- Enc. pasta x-- Edic.: Contiene [3] h. de lám. pleg. grab. calc. Olim: D-3935